Le isole nella storia - Statistics

Statistiche generali
  • Questo quiz è stato fatto 99 volte
    80 dall'ultimo reset
  • Il punteggio medio è 15 su 20
Statistiche sulle risposte
DOMANDA RISPOSTA % Corretto
Fu governata per più di 50 anni da Fidel Castro Cuba
99%
Qui si sviluppò la civiltà minoica Creta
96%
Isola "ribelle" della Cina Taiwan
96%
Cosa Nostra Sicilia
94%
Nuraghi Sardegna
91%
Nel 1974 fu invasa dalla Turchia Cipro
90%
Vi era un colosso, una delle 7 meraviglie del mondo antico Rodi
88%
L'isola dei Moai (Isola di......) Pasqua
87%
Fu governata dal 1530-1798 dai Cavalieri Ospitalieri Malta
86%
Isola in cui morì Napoleone Sant'Elena
86%
La nota prigione a largo della Baia di San Francisco Alcatraz
83%
Prima del XVI secolo, era possibile raggiungerla dall'India Sri Lanka
80%
Fu vittima di una carestia di patate, principale alimento consumato da essa, a metà '800 Irlanda
78%
Città stato asiatica Singapore
78%
Isola che fu divisa nel II sec. con il Vallo di Adriano Gran Bretagna
68%
Isola che si è congiunta all'Australia nel 1901 Tasmania
61%
Vi nacque il Rastafarianesimo negli anni '30 del '900 Giamaica
58%
Vi ha sede il più antico parlamento al mondo Islanda
54%
La parte occidentale di quest'isola ha compe capitale Port-Au-Prince Hispaniola
45%
I coloni olandesi acquistarono quest'isola dai nativi americani per circa 1000 dollari di oggi Manhattan
26%
Nessun quiz corrispondente trovato
Distribuzione punteggi
Percentuale di utenti per punteggio
Percentile per numero di risposta
I tuoi punteggi nel tempo
Non hai fatto questo quiz dall'ultimo reset